000 00443nam a2200121Ia 4500
008 171212s9999 xx 000 0 und d
020 _a9780980623895
100 _aAnderson, Kym;Bosworth, Michael
245 _cAnderson, Kym;Bosworth, Michael
_aReforming Trade Policy in Papua New Guinea and the Pacific Islands
260 _bUniversity of Adelaide Press
_c2000
650 _aEconomics
856 _uhttp://jstor.org/stable/10.20851/j.ctt1t304pw
999 _c352943
_d352943